Du ký Việt Nam : Tạp chí Nam Phong 1917 - 1934

Gespeichert in:
Bibliographische Detailangaben
Format: Buch
Sprache:Undetermined
Veröffentlicht: Thành phố Hồ Chí Minh Trẻ 2007
Schlagworte:
Tags: Tag hinzufügen
Keine Tags, Fügen Sie den ersten Tag hinzu!
Thư viện lưu trữ: Trung tâm Học liệu Trường Đại học Cần Thơ
LEADER 00531nam a2200193Ia 4500
001 CTU_124283
008 210402s9999 xx 000 0 und d
020 |c 100000 
082 |a 895.9223008 
082 |b D600/T.3 
245 0 |a Du ký Việt Nam : 
245 0 |b Tạp chí Nam Phong 1917 - 1934 
260 |a Thành phố Hồ Chí Minh 
260 |b Trẻ 
260 |c 2007 
650 |a Vietnamese literature 
650 |y 20th century 
904 |i Minh 
980 |a Trung tâm Học liệu Trường Đại học Cần Thơ